| 000 | 01047cam a2200325 a 4500 | ||
|---|---|---|---|
| 999 |
_c43584 _d43584 |
||
| 001 | 16949846 | ||
| 005 | 20180924134918.0 | ||
| 008 | 110907s2011 maua b 001 0 eng | ||
| 010 | _a 2011292180 | ||
| 020 | _a9780262516150 | ||
| 040 |
_aDLC _cDLC _dDLC |
||
| 042 | _apcc | ||
| 043 |
_aa------ _af------ |
||
| 100 | 1 | _aSaliba, George. | |
| 245 | 1 | 0 |
_aIslamic science and the making of the European Renaissance / _cGeorge Saliba. |
| 250 | _a1st MIT Press pbk. ed. | ||
| 260 |
_aCambridge, Mass. : _bMIT Press, _cc2007. |
||
| 300 |
_axi, 341 p. : _bill. ; _c23 cm. |
||
| 336 | _atext | ||
| 337 | _aunmediated | ||
| 338 | _avolume | ||
| 490 | 0 | _aTransformations | |
| 504 | _aIncludes bibliographical references (p. [289]-305) and index. | ||
| 650 | 0 |
_aScience _zIslamic countries _xHistory. |
|
| 650 | 0 | _aIslam and science. | |
| 650 | 0 | _aScience, Medieval. | |
| 650 | 0 |
_aCivilization, Western _xIslamic influences. |
|
| 856 | 4 | 1 |
_3Table of contents only _uhttp://www.loc.gov/catdir/toc/fy12pdf01/2011292180.html |
| 942 |
_2lcc _cBK |
||